[Event "29th Münsterland Open"]
[Site "Senden"]
[Date "2011.10.27"]
[Round "8.9"]
[White "Steinle, Carsten"]
[Black "Haselhorst, Helmut"]
[Result "1-0"]
[WhiteElo "2115"]
[BlackElo "2139"]
[PlyCount "75"]
[EventDate "2011.??.??"]

1. d4 Nf6 2. Nf3 g6 3. Bf4 Bg7 4. h3 O-O 5. e3 d6 6. Nbd2 Nfd7 7. Bc4 e5 8.
dxe5 Nxe5 9. Nxe5 dxe5 10. Bg3 Qe7 11. c3 Nd7 12. O-O Nb6 13. Bb3 Be6 14. Qf3
c6 15. Rfd1 Rad8 16. e4 Rd6 17. Qe2 Rfd8 18. Nf3 f6 19. Rxd6 Rxd6 20. Rd1 Kf7
21. Rxd6 Qxd6 22. Bxe5 fxe5 23. Ng5+ Ke7 24. Nxe6 Bh6 25. Qg4 Qd2 26. Qh4+ Kd6
27. g3 Nd7 28. Nd8 Kc7 29. Nf7 g5 30. Qxh6 Qe1+ 31. Kg2 Qxe4+ 32. Kh2 Qe2 33.
Qd6+ Kb6 34. Qb4+ Kc7 35. Kg2 e4 36. Qd6+ Kc8 37. Be6 Qf3+ 38. Kg1 1-0

[Event "29th Münsterland Open"]
[Site "Senden"]
[Date "2011.10.27"]
[Round "8.10"]
[White "Korth, Daniel"]
[Black "Niering, Thorsten"]
[Result "1-0"]
[WhiteElo "2211"]
[BlackElo "2054"]
[PlyCount "53"]
[EventDate "2011.??.??"]

1. d4 g6 2. Nf3 Bg7 3. e4 d6 4. Bc4 e6 5. O-O Ne7 6. Be3 h6 7. Bb3 O-O 8. Qc1
Kh7 9. c4 Nd7 10. c5 Nf6 11. Nc3 Ng4 12. h3 Nxe3 13. Qxe3 f5 14. exf5 Nxf5 15.
Qe4 Qe7 16. cxd6 cxd6 17. Rfe1 Re8 18. Ne2 d5 19. Qd3 Qb4 20. g4 Ne7 21. Nf4
Bd7 22. Nxe6 Bb5 23. Qd2 Qd6 24. Nxg7 Kxg7 25. Ne5 Qf6 26. Rac1 Bc6 27. Rc3 1-0

[Event "29th Münsterland Open"]
[Site "Senden"]
[Date "2011.10.28"]
[Round "9.3"]
[White "Sazanov, Nikolay"]
[Black "Karpatchev, Aleksandr"]
[Result "1-0"]
[WhiteElo "2218"]
[BlackElo "2481"]
[PlyCount "95"]
[EventDate "2011.??.??"]

1. d4 d5 2. e3 Nf6 3. f4 Bg4 4. Nf3 e6 5. Bd3 Ne4 6. Nbd2 f5 7. c4 c6 8. Qb3
Bxf3 9. Nxf3 Qc8 10. Bd2 Nd7 11. O-O Ndf6 12. Be1 Be7 13. Bh4 O-O 14. Bxe4 fxe4
15. Nd2 Qd7 16. cxd5 cxd5 17. Bxf6 gxf6 18. Rf2 Rac8 19. f5 Kh8 20. Raf1 Rc6
21. fxe6 Rxe6 22. Rf5 Rd6 23. Nb1 Rg8 24. Nc3 Rg5 25. Rxg5 fxg5 26. Qb5 Qxb5
27. Nxb5 Rb6 28. Nc3 Rxb2 29. Nxd5 Ba3 30. Nc3 Bb4 31. Nxe4 Rxa2 32. Rf7 Kg8
33. Rxb7 a5 34. Nf6+ Kf8 35. Nxh7+ Ke8 36. Nxg5 Re2 37. Nf3 Rxe3 38. h4 Re7 39.
Rb5 Kd7 40. Ne5+ Kd6 41. Kf2 Rc7 42. g4 Rc3 43. h5 Rb3 44. Nc4+ Ke7 45. Ke2 a4
46. h6 Kf7 47. Rb7+ Be7 48. d5 1-0

[Event "29th Münsterland Open"]
[Site "Senden"]
[Date "2011.10.28"]
[Round "9.4"]
[White "Seegers, Hendrik"]
[Black "Schulze, Ulrich"]
[Result "1-0"]
[WhiteElo "2213"]
[BlackElo "2323"]
[PlyCount "79"]
[EventDate "2011.??.??"]

1. d4 Nf6 2. Nf3 d5 3. Bf4 c5 4. e3 Nc6 5. c3 Qb6 6. Qb3 c4 7. Qxb6 axb6 8. Be2
Bf5 9. O-O b5 10. a3 h6 11. h3 e6 12. Nbd2 Nd7 13. Ne1 b4 14. e4 Bh7 15. Nc2
bxc3 16. bxc3 Nf6 17. f3 Be7 18. Nb4 Kd7 19. Be5 Nxb4 20. axb4 b5 21. Bxf6 Bxf6
22. exd5 exd5 23. f4 Kd6 24. Nf3 Be4 25. Ne5 Bxe5 26. fxe5+ Ke7 27. Bh5 f6 28.
exf6+ gxf6 29. Kf2 Rhg8 30. Bf3 f5 31. Ke3 Kd6 32. Rxa8 Rxa8 33. Bxe4 fxe4 34.
Rf6+ Kc7 35. Rxh6 Ra3 36. Kf4 Rxc3 37. Ke5 Rc1 38. Kxd5 c3 39. Kxe4 c2 40. Kd5
1-0

[Event "29th Münsterland Open"]
[Site "Senden"]
[Date "2011.10.28"]
[Round "9.8"]
[White "Müller, Achim (Rheine)"]
[Black "Korth, Daniel"]
[Result "0-1"]
[WhiteElo "2102"]
[BlackElo "2211"]
[PlyCount "80"]
[EventDate "2011.??.??"]

1. d4 Nf6 2. c4 g6 3. Nc3 Bg7 4. e4 O-O 5. Nf3 d6 6. h3 Nbd7 7. Bg5 h6 8. Be3
e5 9. d5 Ne8 10. Qd2 Kh7 11. g4 a5 12. Be2 Nc5 13. Rg1 b6 14. g5 h5 15. h4 Bg4
16. Nh2 Bd7 17. Nf1 f5 18. gxf6 Nxf6 19. Ng3 Ng4 20. Bg5 Qe8 21. f3 Nh6 22.
O-O-O Nf7 23. Be3 Bh6 24. Rg2 Qe7 25. Rdg1 Rg8 26. f4 exf4 27. Bxf4 Bxf4 28.
Qxf4 Ne5 29. Qg5 Qxg5+ 30. hxg5 Rgf8 31. a3 Ncd3+ 32. Bxd3 Nxd3+ 33. Kc2 Ne5
34. b3 a4 35. Nb5 Bxb5 36. cxb5 axb3+ 37. Kxb3 Rf3+ 38. Kb2 Nc4+ 39. Kc2 Raxa3
40. Rf1 Ra2+ 0-1

[Event "29th Münsterland Open"]
[Site "Senden"]
[Date "2011.10.28"]
[Round "9.9"]
[White "Lehmann, Holger"]
[Black "Virnyi, Julius"]
[Result "1/2-1/2"]
[WhiteElo "2187"]
[BlackElo "2087"]
[PlyCount "46"]
[EventDate "2011.??.??"]

1. e4 c5 2. b3 Nc6 3. Bb2 d6 4. Bb5 Bd7 5. Nf3 e6 6. O-O Nf6 7. Re1 Be7 8. Nc3
O-O 9. Bxc6 Bxc6 10. e5 dxe5 11. Nxe5 Qc7 12. a4 a6 13. Nxc6 Qxc6 14. Qe2 Rfd8
15. d3 Nd5 16. Qg4 Bf6 17. Nxd5 exd5 18. Be5 Re8 19. Bxf6 Qxf6 20. Qd7 Re2 21.
Rf1 Rae8 22. Rac1 Qf4 23. h3 Qg5 1/2-1/2

[Event "29th Münsterland Open"]
[Site "Senden"]
[Date "2011.10.28"]
[Round "9.10"]
[White "Rüberg, Jobst"]
[Black "Müller, Martin"]
[Result "1/2-1/2"]
[WhiteElo "2162"]
[BlackElo "2078"]
[PlyCount "59"]
[EventDate "2011.??.??"]

1. e4 d6 2. d4 Nf6 3. Nc3 g6 4. Be3 Bg7 5. Nf3 O-O 6. Qd2 a6 7. Bd3 b5 8. a4 b4
9. Ne2 a5 10. Bh6 Nc6 11. h3 e5 12. d5 Ne7 13. O-O c6 14. dxc6 Nxc6 15. Bxg7
Kxg7 16. Ng3 h6 17. Rad1 Qb6 18. Bb5 Ba6 19. Bxa6 Rxa6 20. h4 Re8 21. Qe2 Ra7
22. h5 Rc7 23. Nh4 Nd4 24. Qe3 Ng4 25. Qd3 Qc5 26. Rd2 Qc4 27. hxg6 fxg6 28. f3
Qxd3 29. Rxd3 Nf6 30. c3 1/2-1/2